00146 a2200073 450000100060000010000050000624500250001126000360003659846 a aPhysics; At a glance aLondonbManson Publishingc2009